| 000 | 00998nam2a2200241 4500 | ||
|---|---|---|---|
| 001 | RU\NLR\BIBL_A\022561236 | ||
| 005 | 20250811113134.0 | ||
| 010 |
_a978-5-04-215064-7 _930000 |
||
| 021 |
_aRU _bКН-П-25-022878 _9КН-П-25-2306 |
||
| 035 | _a(NLR Aleph) 022561236 | ||
| 090 |
_a13436934 _c13436934 |
||
| 100 | _a20250606d2025 u y0rusy50 ca | ||
| 101 | 1 |
_arus _cund |
|
| 102 | _aRU | ||
| 105 | _aа z 000аy | ||
| 200 | 0 | _aТ. 1 | |
| 210 | _d2025 | ||
| 215 |
_a252, [3] с. _cил., цв. ил. |
||
| 461 | 0 |
_1001RU\NLR\BIBL_A\022561235 _12001#$aУсмиритель душ$fPriest$g[перевод: Бобровская Юлия$gиллюстрации Пихта]$vТ. 1 _1700#0$aPriest$cпсевдоним$f1988-$3RU\NLR\AUTH\770272563 _913543448 _aPriest (псевдоним ; 1988-) _cМосква _d2025- _fPriest _nЭксмо, Комильфо _tУсмиритель душ _vТ. 1 |
|
| 942 | _cBOOK | ||
| 980 | _aNB | ||